书目信息 |
| 题名: |
数码摄影入门百问
|
|
| 作者: | 赵向阳 编著 | |
| 分册: | ||
| 出版信息: | 深圳 深圳摄影出版社 2007.01 |
|
| 页数: | 184页 | |
| 开本: | 24cm | |
| 丛书名: | ||
| 单 册: | ||
| 中图分类: | J41 , TB8 | |
| 科图分类: | ||
| 主题词: | 摄影 , 摄影技术--普及读物 , 摄影艺术--各种 , 摄影技术 | |
| 电子资源: | ||
| ISBN: | 7-3587-1158-0 | |
| 000 | 00764 nam 000289 | |
| 001 | 0100006017 | |
| 005 | 20081022104649.76 | |
| 010 | @a7-3587-1158-0@dCNY42.00 | |
| 100 | @a20080804d2006 em y0chiy0121 ea | |
| 101 | @achi | |
| 102 | @aCN | |
| 105 | @ay z 000yy | |
| 106 | @ar | |
| 200 | 10 | @a数码摄影入门百问@9shu ma she ying ru men bai wen@f赵向阳编著@Fzhao xiang yang bian zhu |
| 210 | @a深圳@c深圳摄影出版社@d2007.01 | |
| 215 | @a184页@d24cm | |
| 540 | @a数码摄影入门百问 | |
| 606 | @a摄影 | |
| 606 | 0 | @a摄影技术@x普及读物 |
| 606 | 0 | @a摄影艺术@x各种 |
| 606 | 0 | @a摄影技术 |
| 690 | @aJ41@v4 | |
| 690 | @aTB8@v4 | |
| 701 | 0 | @a赵向阳@9zhao xiang yang@4编著 |
| 801 | @aCN@c20081022 | |
| 901 | @a000010 | |
| 905 | @b682815-7@dJ41@eZ330@f3 | |
| 数码摄影入门百问/赵向阳编著.-深圳:深圳摄影出版社,2007.01 |
| 184页;24cm |
| ISBN 7-3587-1158-0:CNY42.00 |
| ● |
| 相关链接 |
|
|
|
正题名:数码摄影入门百问
索取号:J41/Z330
 
预约/预借
| 序号 | 登录号 | 条形码 | 馆藏地/架位号 | 状态 | 备注 |
| 1 | 682815 | 206828156 | 艺术设计学院资料室/ [索取号:J41/Z330] | 在馆 | |
| 2 | 682816 | 206828165 | 社科库309/309社科库 83排4列1层/ [索取号:J41/Z330] | 在馆 | |
| 3 | 682817 | 206828174 | 社科库309/ [索取号:J41/Z330] | 在馆 |